000 00641nam a2200217Ia 4500
003 GCL
008 140319s9999 xx 000 0 ara d
040 _aGCL /
_cGCL
082 0 4 _a811.9
_bا ل
100 1 _aاحمد سويلم العمرى
245 1 0 _aالليل وذاكرة الاوراق : شعر /
_cاحمد سويلم العمرى
300 _a88 ص
490 _a
650 0 4 _aالشعر العربى
650 0 4 _aالادب العربى
650 0 4 _aمصر
650 0 4 _aدواوين وقصائد
650 0 4 _aالشعر الحر
650 0 4 _aالشعر العربى - العصر الحديث
942 _2ddc
_cBK
999 _c38171
_d38171